<?xml version="1.0" encoding="UTF-8"?>
<collection xmlns="http://www.loc.gov/MARC21/slim">
  <record>
    <leader>00000nam  2200000   4500</leader>
    <datafield tag="247" ind1="#" ind2="#">
      <subfield code="a"/>
    </datafield>
    <controlfield tag="Wor">$a 1</controlfield>
    <datafield tag="856" ind1="#" ind2="#">
      <subfield code="a">Perpustakaan Pusat LAN</subfield>
    </datafield>
    <datafield tag="700" ind1=" " ind2="#">
      <subfield code="a"/>
    </datafield>
    <datafield tag="650" ind1=" " ind2="#">
      <subfield code="a">Ekonomi, akuntabilitas</subfield>
    </datafield>
    <datafield tag="520" ind1=" " ind2="#">
      <subfield code="a">Belum terbangunnya model atau prosedur pengawasan&#13;
terkait pengelolaan BUM Desa berpengaruh besar&#13;
terhadap pencapaian target pada Rencana Kerja&#13;
Pemerintah 2025 yang mengusung tema “Akselerasi&#13;
Pertumbuhan Ekonomi yang Inklusif dan Berkelanjutan.”&#13;
Jika kebijakan pengawasan atas akuntabilitas&#13;
penyelenggaraan BUM Desa belum&#13;
ditetapkan dan diterapkan, maka&#13;
peningkatan perekonomian dari daerah yang&#13;
digagas melalui optimalisasi kinerja BUM&#13;
Desa berpotensi sulit tercapai. Pedoman&#13;
tersebut menjadi salah satu sistem&#13;
pengendalian manajemen untuk memastikan&#13;
BUM Desa telah beroperasional sesuai&#13;
ketentuan Perundang-undangan dan&#13;
memberikan kontribusi positif terhadap&#13;
pembangunan desa dan daerah.&#13;
&#13;
Manajemen maupun APIP sebaiknya menggunakan&#13;
pedoman pengawasan yang disepakati bersama&#13;
sebagai dasar implementasi Pengawasan BUM Desa,&#13;
yang pada akhirnya menjadi sistem perbaikan yang&#13;
berkelanjutan bagi BUM Desa dalam upayanya memberi&#13;
kontribusi terhadap perekonomian desa.</subfield>
    </datafield>
    <datafield tag="321" ind1="#" ind2="#">
      <subfield code="a"/>
    </datafield>
    <datafield tag="310" ind1="#" ind2="#">
      <subfield code="a"/>
    </datafield>
    <datafield tag="300" ind1="#" ind2="#">
      <subfield code="a">29</subfield>
      <subfield code="b">0</subfield>
      <subfield code="c">30 cm</subfield>
      <subfield code="e">0</subfield>
    </datafield>
    <datafield tag="260" ind1="#" ind2="#">
      <subfield code="a">Jakarta :</subfield>
      <subfield code="b">Pusbangkom Pimnas dan Manajerial ASN,</subfield>
      <subfield code="c">2024</subfield>
    </datafield>
    <controlfield tag="001">$a INLIS000000000020836</controlfield>
    <datafield tag="245" ind1="#" ind2="#">
      <subfield code="a">Transformasi Ekonomi Dari Akar Penguatan Tata Kelola Dan Akuntabilitas BUM DESA Untuk Kemakmuran Bersama</subfield>
      <subfield code="b"/>
      <subfield code="c">Farid Firman</subfield>
    </datafield>
    <datafield tag="100" ind1=" " ind2="#">
      <subfield code="a">Farid Firman</subfield>
    </datafield>
    <datafield tag="084" ind1="#" ind2="#">
      <subfield code="a">R 0059 PKN I 2024</subfield>
    </datafield>
    <datafield tag="082" ind1="#" ind2="#">
      <subfield code="a"/>
    </datafield>
    <datafield tag="035" ind1="#" ind2="#">
      <subfield code="a">0010-0226000006</subfield>
    </datafield>
    <datafield tag="022" ind1="#" ind2="#">
      <subfield code="a"/>
    </datafield>
    <controlfield tag="008">$a 260225################e##########0#ind##</controlfield>
    <controlfield tag="005">$a 20260225112513</controlfield>
  </record>
</collection>
